El Abate Viscardo: historia y mito de la intervención de los Jesuitas en la independencia de Hispanoamérica
Bewaard in:
| Hoofdauteur: | |
|---|---|
| Formaat: | Boek |
| Taal: | Spaans |
| Gepubliceerd in: |
Caracas, Venezuela
Instituto Panamericano de Geografía e Historia
1953
|
| Onderwerpen: | |
| Tags: |
Voeg label toe
Geen labels, Wees de eerste die dit record labelt!
|
MARC
| LEADER | 00000nam a2200000 a 4500 | ||
|---|---|---|---|
| 001 | UCO1958 | ||
| 003 | CL-VaPUC | ||
| 005 | 20211020074533.0 | ||
| 008 | 000602e19530000VE |||||||||||||||||spa|d | ||
| 999 | |c 288507 |d 288505 | ||
| 040 | |c Pontificia Universidad Católica de Valparaíso | ||
| 082 | 0 | 4 | |a 980.02 BAT 1953 |2 21 |
| 100 | 0 | |a Batllori, Miguel |e author |9 444518 | |
| 245 | 1 | 3 | |a El Abate Viscardo: |b historia y mito de la intervención de los Jesuitas en la independencia de Hispanoamérica |
| 260 | |a Caracas, Venezuela |b Instituto Panamericano de Geografía e Historia |c 1953 | ||
| 300 | |a 334 páginas | ||
| 583 | |a last modification |c 20000602 00:00:00 |k Rodrigo Vera | ||
| 600 | 0 | 7 | |a VISCARDO, JUAN PABLO |2 CL-VaPUC |9 406756 |z ESPAÑA |
| 650 | 0 | |a Jesuitas |z ESPAÑA |9 268366 | |
| 650 | 0 | |a Historia |9 255047 | |
| 852 | |a BIBCUR | ||
| 942 | |c BK |2 ddc | ||
| 945 | |d 20000602 00:00:00 |a lriquelm | ||
| 952 | |0 0 |1 0 |2 ddc |4 0 |6 980_020000000000000_BAT_1953 |7 0 |8 A |9 336214 |a BIBHIS |b BIBHIS |d 2019-11-20 |i 1290010 |o 980.02 BAT 1953 |p 1290010 |r 2025-01-20 |t 1 |w 2019-11-20 |y BK |k HIS | ||